Grafická prezentácia štatistického súboru (polygón, histogram) bakalárska práca

Gespeichert in:
Bibliographische Detailangaben
1. Verfasser: Klimentová, Eva
Körperschaft: Fakulta hospodárskej informatiky EU. Katedra štatistiky
Weitere Verfasser: Viktorínová, Božena
Format: Buch
Sprache:Slowakisch
Veröffentlicht: Bratislava 2009
Tags: Tag hinzufügen
Keine Tags, Fügen Sie das erste Tag hinzu!

MARC

LEADER 00000nam$a2200000$$$4500
001 0096119
005 20240319125124.2
041 0 |a slo 
044 |a SK 
245 1 0 |a Grafická prezentácia štatistického súboru (polygón, histogram)  |b bakalárska práca  |c Eva Klimentová ; škol. Božena Viktorínová 
264 1 |a Bratislava  |c 2009 
300 |a 27 s. 
100 1 |a Klimentová, Eva 
700 1 |a Viktorínová, Božena 
710 2 |a Fakulta hospodárskej informatiky EU. Katedra štatistiky